000
00231nam a2200085Ia 4500
008
170620s9999 xx 000 0 und d
100
_a
Rudramamba- B.
245
0
_a
Methods of Teaching Economics
260
_b
New Delhi- Discovery Publishing House
260
_c
2004
999
_c
24442
_d
24442